| 000 -LEADER |
| fixed length control field |
00727nam a2200205Ia 4500 |
| 001 - CONTROL NUMBER |
| control field |
5314 |
| 003 - CONTROL NUMBER IDENTIFIER |
| control field |
GE_BSU |
| 008 - FIXED-LENGTH DATA ELEMENTS--GENERAL INFORMATION |
| fixed length control field |
181216s||||||||xx |||||||||||||| ||und|| |
| 040 ## - CATALOGING SOURCE |
| Transcribing agency |
GE_BSU |
| 080 ## - UNIVERSAL DECIMAL CLASSIFICATION NUMBER |
| Universal Decimal Classification number |
512+514.743 |
| 100 ## - MAIN ENTRY--PERSONAL NAME |
| Personal name |
Вакуленко, А.А. |
| 245 ## - TITLE STATEMENT |
| Title |
Полилинейная алгебра и тензорный анализ в механике. |
| 245 ## - TITLE STATEMENT |
| Remainder of title |
Ленинградский гос. ун-т им. а.а. жданова. |
| 260 ## - PUBLICATION, DISTRIBUTION, ETC. |
| Place of publication, distribution, etc. |
Ленинград |
| 260 ## - PUBLICATION, DISTRIBUTION, ETC. |
| Name of publisher, distributor, etc. |
Изд-во Ленинградского ун-та. |
| 260 ## - PUBLICATION, DISTRIBUTION, ETC. |
| Date of publication, distribution, etc. |
1972 |
| 300 ## - PHYSICAL DESCRIPTION |
| Extent |
62 см. 20 см. |
| 653 ## - INDEX TERM--UNCONTROLLED |
| Uncontrolled term |
Полилинейная алгебра и тензорный анализ в механике. |
| 942 ## - ADDED ENTRY ELEMENTS (KOHA) |
| Koha item type |
წიგნი |